Exercises in computational mathematics with MATLAB / (Record no. 22221)

MARC details
000 -LEADER
fixed length control field 03518cam a2200421 i 4500
001 - CONTROL NUMBER
control field ssj0001354124
003 - CONTROL NUMBER IDENTIFIER
control field EG-ScBUE
005 - DATE AND TIME OF LATEST TRANSACTION
control field 20240910093122.0
008 - FIXED-LENGTH DATA ELEMENTS--GENERAL INFORMATION
fixed length control field 140902t2014 gw a f b 001 0 eng d
020 ## - INTERNATIONAL STANDARD BOOK NUMBER
International Standard Book Number 3662435101
020 ## - INTERNATIONAL STANDARD BOOK NUMBER
International Standard Book Number 9783662435106
040 ## - CATALOGING SOURCE
Original cataloging agency EG-ScBUE
Language of cataloging eng
Description conventions rda
Transcribing agency EG-ScBUE
Modifying agency WaSeSS
-- EG-ScBUE
082 04 - DEWEY DECIMAL CLASSIFICATION NUMBER
Edition number 22
Classification number 510.285
Item number LYC
100 1# - MAIN ENTRY--PERSONAL NAME
Personal name Lyche, Tom,
Relator term author.
9 (RLIN) 40847
245 10 - TITLE STATEMENT
Title Exercises in computational mathematics with MATLAB /
Statement of responsibility, etc Tom Lyche, Jean-Louis Merrien.
264 #1 - PUBLICATION, DISTRIBUTION, ETC. (IMPRINT)
Place of publication, distribution, etc Heidelberg :
Name of publisher, distributor, etc Springer-Verlage,
Date of publication, distribution, etc [2014]
264 #4 - PUBLICATION, DISTRIBUTION, ETC. (IMPRINT)
Date of publication, distribution, etc c2014
300 ## - PHYSICAL DESCRIPTION
Extent xii, 372 pages :
Other physical details illustrations ;
Dimensions 24 cm.
336 ## - CONTENT TYPE
Source rdacontent
Content type term text
Content type code txt
337 ## - MEDIA TYPE
Media type term unmediated
Source rdamedia
Media type code n
338 ## - CARRIER TYPE
Carrier type term volume
Carrier type code nc
Source rdacarrier
490 0# - SERIES STATEMENT
Series statement Problem books in mathematics
504 ## - BIBLIOGRAPHY, ETC. NOTE
Bibliography, etc Includes bibliographical references and index.<br/>
505 ## - FORMATTED CONTENTS NOTE
Formatted contents note 1 An Introduction to MATLAB commands -- 2 Matrices and Linear Systems -- 3 Matrices, Eigenvalues and Eigenvectors -- 4 Matrices, Norms and Conditioning -- 5 Iterative Methods -- 6 Polynomial Interpolation -- 7 Bézier Curves and Bernstein Polynomials -- 8 Piecewise Polynomials, Interpolation and Applications -- 9 Approximation of Integrals -- 10 Linear Least Squares Methods -- 11 Continuous and Discrete Approximations -- 12 Ordinary Differential Equations, One Step Methods -- 13 Finite Differences for differential and partial differential equations.
520 ## - SUMMARY, ETC.
Summary, etc Designed to provide tools for independent study, this book contains student-tested mathematical exercises joined with MATLAB programming exercises.   Most chapters open with a review followed by theoretical and programming exercises, with detailed solutions provided for all problems including programs. Many of the MATLAB exercises are presented as Russian dolls: each question improves and completes the previous program and results are provided to validate the intermediate programs.   The book offers useful MATLAB commands, advice on tables, vectors, matrices and basic commands for plotting. It contains material on eigenvalues and eigenvectors and  important norms of vectors and matrices including perturbation theory; iterative methods for solving nonlinear and linear equations; polynomial and piecewise polynomial interpolation; Bézier curves; approximations of  functions and integrals and more. The last two chapters considers ordinary differential equations including two point boundary value problems, and deal with finite difference methods for some partial differential equations.   The format is designed to assist students working alone, with concise Review paragraphs,  Math Hint footnotes on the mathematical aspects of a problem and MATLAB Hint footnotes with tips on programming.
650 #7 - SUBJECT ADDED ENTRY--TOPICAL TERM
Topical term or geographic name as entry element Mathematics
General subdivision Data processing.
Source of heading or term BUEsh
9 (RLIN) 23454
650 #7 - SUBJECT ADDED ENTRY--TOPICAL TERM
Topical term or geographic name as entry element MATLAB.
Source of heading or term BUEsh
9 (RLIN) 12878
650 #7 - SUBJECT ADDED ENTRY--TOPICAL TERM
Topical term or geographic name as entry element Computer-aided design.
Source of heading or term BUEsh
9 (RLIN) 3588
650 #7 - SUBJECT ADDED ENTRY--TOPICAL TERM
Topical term or geographic name as entry element Computer science
General subdivision Mathematics.
Source of heading or term BUEsh
9 (RLIN) 3550
650 #7 - SUBJECT ADDED ENTRY--TOPICAL TERM
Topical term or geographic name as entry element Engineering mathematics.
Source of heading or term BUEsh
9 (RLIN) 3194
651 ## - SUBJECT ADDED ENTRY--GEOGRAPHIC NAME
Source of heading or term BUEsh
653 ## - INDEX TERM--UNCONTROLLED
Resource For college Engineering, Electrical
Arrived date list August 2016
655 ## - INDEX TERM--GENRE/FORM
Form subdivision Reading book
700 1# - ADDED ENTRY--PERSONAL NAME
Personal name Merrien, Jean-Louis,
Relator term author.
856 ## - ELECTRONIC LOCATION AND ACCESS
Host name SpringerLink E-book Collection
Uniform Resource Identifier <a href="http://link.springer.com/book/10.1007/978-3-662-43511-3">http://link.springer.com/book/10.1007/978-3-662-43511-3</a>
Link text Full text available on campus
856 ## - ELECTRONIC LOCATION AND ACCESS
Host name SpringerLink E-book Collection
Uniform Resource Identifier <a href="http://41.33.243.106:2048/login?url=http://www.springerlink.com/home/main.mpxhttp://link.springer.com/book/10.1007/978-3-662-43511-3">http://41.33.243.106:2048/login?url=http://www.springerlink.com/home/main.mpxhttp://link.springer.com/book/10.1007/978-3-662-43511-3</a>
Link text Full text available off campus
942 ## - ADDED ENTRY ELEMENTS (KOHA)
Source of classification or shelving scheme Dewey Decimal Classification
Koha item type Book - Borrowing
Holdings
Withdrawn status Lost status Source of classification or shelving scheme Damaged status Not for loan Collection code Home library Current library Shelving location Date acquired Source of acquisition Cost, normal purchase price Serial Enumeration / chronology Total Checkouts Total Renewals Full call number Barcode Date last seen Date checked out Cost, replacement price Koha item type
    Dewey Decimal Classification     Academic Bookshop Central Library Central Library First floor 24/08/2016 Purchase 540.00 9155 1 3 510.285 LYC 000033158 15/07/2025 16/03/2019 675.00 Book - Borrowing